| 000 | 00770nam a22001937a 4500 | ||
|---|---|---|---|
| 999 |
_c177967 _d177967 |
||
| 005 | 20210311125614.0 | ||
| 010 | _aUR-11068 | ||
| 020 |
_c100.00 _aR.N.I.No.UP.Bill/2015/65443 |
||
| 035 | _aU-9623 | ||
| 037 | _bDBAD/PUB | ||
| 082 | _a070.4 | ||
| 100 | _aا يڈ يٹر :مر ز ا مر تضی ا قبا ل | ||
| 245 |
_aآ ينہء ا ر د و صحا فت (مو لا نا حسر ت مو ہا نی ) _cا يڈ يٹر :مر ز ا مر تضی ا قبا ل |
||
| 246 |
_bAeena-e-Urdu Sahafat (Moulana Hasrat Mohani) (Urdu) _aEdited by Mirza Murtaza Iqbal |
||
| 260 |
_aMuradabad _c2018 ء _bJayeead Press |
||
| 270 |
_aSambhali Gate Muradabad, _bU.P. _e244001 _l08923048812 |
||
| 300 |
_a281 ص _c22 Cm(Hb) |
||
| 942 |
_2ddc _cUR _h070.4 _mم و ہ |
||